书目信息 |
| 题名: |
英汉分子生物学与生物工程词汇
|
|
| 作者: | 金冬雁 , 黎孟枫 编订 | |
| 分册: | ||
| 出版信息: | 北京 科学出版社 2003 |
|
| 页数: | 734页 | |
| 开本: | 21cm | |
| 丛书名: | ||
| 单 册: | ||
| 中图分类: | Q81-61 , Q7-61 | |
| 科图分类: | ||
| 主题词: | 生物工程--词汇--英语--汉语 , 分子生物学 , 分子生物学--词汇--英语--汉语 , 生物工程 | |
| 电子资源: | ||
| ISBN: | 7-03-011241-5 | |
| 000 | 01189nam0 2200313 450 | |
| 001 | 07079000334 | |
| 005 | 20070721104020.01 | |
| 010 | @a7-03-011241-5@b精装@dCNY50.00 | |
| 100 | @a20030815d2003 em y0chiy0110 ea | |
| 101 | 0 | @achi@aeng |
| 102 | @aCN@b110000 | |
| 105 | @ay e 000yy | |
| 200 | 1 | @a英汉分子生物学与生物工程词汇@Aying han fen zi sheng wu xue yu sheng wu gong cheng ci hui@dEnglish - Chinese Dictionary of Molecular Biology and Biotechnology@f金冬雁, 黎孟枫编订@zeng |
| 205 | @a2版 | |
| 210 | @a北京@c科学出版社@d2003 | |
| 215 | @a734页@d21cm | |
| 300 | @a科学版辞书 | |
| 330 | @a本书共收录分子生物学、生物工程及与其密切相关的科技词汇4万余条,其中特别注意收入进年出现的大量新词,并对一大批新词、易混淆词及其他疑难词进行了注释。 | |
| 510 | 1 | @aEnglish - Chinese Dictionary of Molecular Biology and Biotechnology@zeng |
| 606 | 0 | @a生物工程@x词汇@x英语@x汉语 |
| 606 | 0 | @a分子生物学 |
| 606 | 0 | @a分子生物学@x词汇@x英语@x汉语 |
| 606 | 0 | @a生物工程 |
| 690 | @aQ81-61@v4 | |
| 690 | @aQ7-61@v4 | |
| 701 | 0 | @a金冬雁@Ajin dong yan@4编订 |
| 701 | 0 | @a黎孟枫@Ali meng feng@4编订 |
| 801 | 0 | @aCN@bTAOJIN新华发行集团@c20070721 |
| 905 | @a10447@dQ7-61@e137=2 | |
| 英汉分子生物学与生物工程词汇=English - Chinese Dictionary of Molecular Biology and Biotechnology/金冬雁, 黎孟枫编订.-2版.-北京:科学出版社,2003 |
| 734页;21cm |
| 科学版辞书 |
| ISBN 7-03-011241-5(精装):CNY50.00 |
| 本书共收录分子生物学、生物工程及与其密切相关的科技词汇4万余条,其中特别注意收入进年出现的大量新词,并对一大批新词、易混淆词及其他疑难词进行了注释。 |
| ● |
| 相关链接 |
|
|
|
|
正题名:英汉分子生物学与生物工程词汇
索取号:Q7-61/137=2
 
预约/预借
| 序号 | 登录号 | 条形码 | 馆藏地/架位号 | 状态 | 备注 |
| 1 | 0822557 | 208225570 | 第二样本阅览室/ [索取号:Q7-61/137=2] | 在馆 | |
| 2 | 0822558 | 208225589 | 第三借阅区/ [索取号:Q7-61/137=2] | 在馆 | |
| 3 | 0822559 | 208225598 | 第三借阅区/ [索取号:Q7-61/137=2] | 在馆 | |
| 4 | 0822560 | 208225605 | 第三借阅区/ [索取号:Q7-61/137=2] | 在馆 | |
| 5 | 0822561 | 208225614 | 第三借阅区/ [索取号:Q7-61/137=2] | 在馆 |